LEADER 01196nam a2200337 i 4500 001 991001000919707536 005 20020507181419.0 008 931108s1985 us ||| | eng 020 $a0821850431 035 $ab10787331-39ule_inst 035 $aLE01305545$9ExL 040 $aDip.to Matematica$beng 082 0 $a512.55 084 $aAMS 17B 084 $aAMS 17B05 084 $aAMS 17B20 084 $aAMS 17B35 084 $aAMS 17B65 084 $aQA252.3.M58 100 1 $aMitzman, David$057482 245 10$aIntegral bases for affine Lie algebras and their universal enveloping algebras /$cDavid Mitzman 260 $aProvidence, R. I. :$bAmerican Mathematical Society,$c1985 300 $avii, 159 p. ;$c25 cm. 490 0 $aContemporary mathematics,$x0271-4132 ;$v40 650 0$aLie algebras 907 $a.b10787331$b23-02-17$c28-06-02 912 $a991001000919707536 945 $aLE013 17B MIT11 (1985)$g1$i2013000073224$lle013$o-$pE0.00$q-$rl$s- $t0$u1$v0$w1$x0$y.i10887581$z28-06-02 996 $aIntegral bases for affine Lie algebras and their universal enveloping algebras$9381758 997 $aUNISALENTO 998 $ale013$b01-01-93$cm$da $e-$feng$gus $h0$i1 LEADER 01102nam a2200265 i 4500 001 991000869099707536 008 050302s1995 gw a b 001 0 eng 020 $a3631462700 035 $ab13285385-39ule_inst 040 $aSet. Economia$bita 082 00$a515.64$220 100 1 $aDemyanov, V.F.$d<1938- >$0621954 245 10$aConstructive nonsmooth analysis /$cby Vladimir F. Demyanov, Alexander M. Rubinov 260 $aFrankfurt am Main ;$aNew York :$bP. Lang,$cc1995 300 $a416 p. :$bill. ;$c21 cm 440 0$aApproximation & optimization ;$v7 504 $aInclude riferimenti bibliografici (p. 389-408) e indice 650 4$aCalcolo delle variazioni 700 1 $aRubinov, Aleksandr Moiseevich$eauthor$4http://id.loc.gov/vocabulary/relators/aut$0103980 907 $a.b13285385$b19-03-10$c02-03-05 912 $a991000869099707536 945 $aLE025 ECO 515 DEM02.01$g1$i2025000140929$lle025$o-$pE0.00$q-$rl$s- $t0$u1$v1$w1$x0$y.i14020063$z02-03-05 996 $aConstructive nonsmooth analysis$91461116 997 $aUNISALENTO 998 $ale025$b02-03-05$cm$da $e-$feng$ggw $h0$i0 LEADER 01443nmm a2200397 i 4500 001 991000530769707536 007 cr nn 008mamaa 008 090713s2009 de j eng d 020 $a9783642021411 035 $ab13871213-39ule_inst 040 $aDip.to Matematica$beng 082 04$a519.2$223 084 $aAMS 60J45 084 $aAMS 60G52 084 $aAMS 60J50 084 $aAMS 60J75 084 $aAMS 31B25 084 $aAMS 31C05 084 $aAMS 31C35 084 $aAMS 31C25 245 10$aPotential analysis of stable processes and its extensions$h[e-book] /$cby Krzysztof Bogdan ... [et al.] ; edited by Piotr Graczyk, Andrzej Stos 260 $aBerlin :$bSpringer,$c2009 300 $a1 online resource (ix, 185 p.) 440 0$aLecture Notes in Mathematics,$x0075-8434 ;$v1980 650 0$aDistribution (Probability theory) 650 0$aPotential theory (Mathematics) 700 1 $aBogdan, Krzysztof$eauthor$4http://id.loc.gov/vocabulary/relators/aut$0323549 700 1 $aGraczyk, Piotr 700 1 $aStos, Andrzej 773 0 $aSpringer eBooks 856 40$uhttp://dx.doi.org/10.1007/978-3-642-02141-1$zAn electronic book accessible through the World Wide Web 907 $a.b13871213$b03-03-22$c14-01-10 912 $a991000530769707536 996 $aPotential analysis of stable processes and its extensions$91440578 997 $aUNISALENTO 998 $ale013$b14-01-10$cm$d@ $e-$feng$gde $h0$i0